Theory of symmetry and ornament /
Guardado en:
| Autor Principal: | |
|---|---|
| Formato: | Libro |
| Idioma: | English |
| Publicado: |
Beograd :
Matematicki institut,
1995.
|
| Series: | Posebna izdanja Matematickog instituta ;
knj. 17. |
| Materias: | |
| Etiquetas: |
Agregar Etiqueta
Sin Etiquetas, Sea el primero en etiquetar este registro!
|
| LEADER | 00820cam a2200241 a 4500 | ||
|---|---|---|---|
| 001 | MAT.inmabb003690 | ||
| 008 | 951220s1995####yu#a#####b####001#0#eng#d | ||
| 005 | 20130304103242.0 | ||
| 245 | 1 | 0 | |a Theory of symmetry and ornament / |c Slavik V. Jablan. |
| 260 | |a Beograd : |b Matematicki institut, |c 1995. | ||
| 300 | |a 331 p. : |b il. ; |c 24 cm. | ||
| 490 | 1 | |a Matematicki Institut Posebna izdanja ; |v knj. 17 | |
| 504 | |a Incluye referencias bibliográficas (p. [298]-323) e índices. | ||
| 510 | 4 | |a MR, |c 96e:20078 | |
| 020 | |a 8680593176 | ||
| 100 | 1 | |a Jablan, Slavik V. | |
| 830 | 0 | |a Posebna izdanja Matematickog instituta ; |v knj. 17. | |
| 650 | 0 | |a Symmetry. | |
| 650 | 0 | |a Symmetry (Art) | |
| 084 | |a 20H15 (00A69 51F25 52C20) |2 msc2000 | ||
| 010 | |a 96217270 | ||
| 040 | |a NjP |c NjP |d DLC | ||
| 859 | |h 20 |i J11 |p A-7102 |b BIB. MATEMATICA | ||
